Paroles - Ninao - Gims - Statistiques

Statistiques générales
  • Ce quiz a été pris 657 fois
  • Le résultat moyen est 388 sur 584
Statistiques - réponses
ANSWER % Correct
a
91%
à
91%
j
89%
J
89%
T
85%
d
84%
s
84%
C
83%
de
79%
ni
79%
Na
77%
na
77%
qu
73%
Dès
72%
dès
72%
des
72%
ça
70%
m
70%
arrive
69%
regarde
65%
travers
65%
Capuché
54%
l
53%
trop
52%
que
51%
suis
51%
cramé
49%
parce
48%
équipe
47%
oh
47%
Mon
44%
avec
43%
tard
43%
amour
42%
armée
42%
comme
42%
rentrer
42%
41%
vais
41%
avance
37%
jamais
37%
si
37%
la
36%
pas
36%
Ils
33%
ils
33%
mourrais
33%
petit
33%
guitare
31%
ciel
29%
tous
29%
font
28%
noire
28%
organise
27%
le
26%
bleu
24%
en
20%
petits
20%
ai
19%
aperçoivent
19%
Étrier
18%
ma
17%
On
17%
fait
15%
15%
choses
12%
est
12%
les
11%
regrettables
10%
un
10%
y
9%
pétard
8%
une
8%
toujours
7%
coeur
6%
être
6%
redoutable
6%
réparer
5%
rien
5%
soirée
5%
sur
5%
vu
5%
année
4%
douane
4%
Passe
4%
toute
4%
Encore
3%
temps
3%
booké
2%
façon
2%
Guetta
2%
nuit
2%
regarder
2%
connais
1%
Aucun quiz correspondant
Distribution des résultats
% des personnes avec chaque résultat
Percentile par nombre de réponses
Votre historique - résultats
Vous n’avez pas pris ce quiz